[Event "CZE-chT1E 0607"]
[Site "Czech Republic"]
[Date "2007.02.18"]
[Round "8.6"]
[White "Brychta, Jan"]
[Black "Splichal, Stanislav"]
[Result "1/2-1/2"]
[WhiteElo "2218"]
[BlackElo "2215"]
[PlyCount "72"]
[EventDate "2006.10.15"]
[EventType "team"]
[EventRounds "11"]
[EventCountry "CZE"]
[SourceTitle "EXT 2008"]
[Source "ChessBase"]
[SourceDate "2007.11.25"]
[SourceVersion "1"]
[SourceVersionDate "2007.11.25"]
[SourceQuality "1"]

1. e4 c6 2. d4 d5 3. exd5 cxd5 4. c4 Nf6 5. Nc3 e6 6. Nf3 Nc6 7. Bg5 Be7 8. Bd3 dxc4 9. Bxc4 Nd5 10. Bxe7 Ncxe7 11. 0-0 Nxc3 12. bxc3 Bd7 13. Ne5 Bc6 14. Qg4 0-0 15. Rfe1 Ng6 16. Nxc6 bxc6 17. Re3 Rb8 18. Rh3 Qf6 19. Qh5 h6 20. Rf3 Qh4 21. Qc5 Qe4 22. Bd3 Qd5 23. Qxa7 Nh4 24. Rg3 Nf5 25. Bxf5 Qxf5 26. h3 Ra8 27. Qb7 Qd5 28. a4 Rfb8 29. Qe7 Rd8 30. Rf3 Rd7 31. Qb4 Rda7 32. Re3 Qa5 33. Qb2 Qc7 34. Qb4 Qa5 35. Qc4 Qd5 36. Qb4 Qa5 1/2-1/2

[Event "CZE-chT1 East 0506"]
[Site "Czech Republic"]
[Date "2006.04.02"]
[Round "11.2"]
[White "Brychta, Jan"]
[Black "Kotan, Ladislav"]
[Result "0-1"]
[WhiteElo "2209"]
[BlackElo "2363"]
[PlyCount "108"]
[EventDate "2005.10.23"]
[EventType "team"]
[EventRounds "11"]
[EventCountry "CZE"]
[SourceTitle "EXT 2008"]
[Source "ChessBase"]
[SourceDate "2007.11.25"]
[SourceVersion "1"]
[SourceVersionDate "2007.11.25"]
[SourceQuality "1"]

1. e4 e5 2. Nf3 Nc6 3. Nc3 Be7 4. d4 d6 5. Bb5 exd4 6. Nxd4 Bd7 7. 0-0 Nf6 8. Re1 0-0 9. a4 a6 10. Bf1 Re8 11. h3 Nxd4 12. Qxd4 Bc6 13. Bf4 Nh5 14. Bh2 Bf6 15. Qd1 g6 16. g4 Ng7 17. Bg2 Bxc3 18. bxc3 Ne6 19. Re3 g5 20. e5 Bxg2 21. Kxg2 Nf4+ 22. Bxf4 gxf4 23. Rd3 Rxe5 24. Qf3 Rb8 25. Qxf4 Qe8 26. Rf3 Qe6 27. Rb1 b6 28. Rb4 c5 29. Rb1 Rb7 30. Rd1 d5 31. Re3 Rxe3 32. fxe3 Rd7 33. Kf2 Qg6 34. Qf5 Qc6 35. Kg1 Rd6 36. Rf1 Qe8 37. Rf3 Re6 38. Qxd5 Qxa4 39. Qa8+ Kg7 40. Qb7 Qe8 41. Qd5 Qe7 42. Kf2 Rd6 43. Qa2 a5 44. Ke2 Qd7 45. Kf2 Rd2+ 46. Kg3 Qd6+ 47. Rf4 Qe6 48. Qb3 Qxe3+ 49. Rf3 Qe1+ 50. Kf4 Rd6 51. g5 Qh4+ 52. Kf5 Re6 53. Qd5 Qe1 54. Rf4 Qe2 0-1

[Event "CZE-chT1 East 0506"]
[Site "Czech Republic"]
[Date "2006.01.09"]
[Round "5.3"]
[White "Karlik, Vladimir"]
[Black "Brychta, Jan"]
[Result "1/2-1/2"]
[WhiteElo "2293"]
[BlackElo "2209"]
[PlyCount "89"]
[EventDate "2005.10.23"]
[EventType "team"]
[EventRounds "11"]
[EventCountry "CZE"]
[SourceTitle "EXT 2008"]
[Source "ChessBase"]
[SourceDate "2007.11.25"]
[SourceVersion "1"]
[SourceVersionDate "2007.11.25"]
[SourceQuality "1"]

1. e4 c5 2. Nf3 Nc6 3. Bb5 g6 4. Bxc6 bxc6 5. 0-0 Bg7 6. c3 d6 7. h3 Nf6 8. Re1 0-0 9. d4 cxd4 10. cxd4 Rb8 11. Nc3 Nd7 12. b3 Qa5 13. Qc2 e5 14. Be3 d5 15. Rad1 Bb7 16. dxe5 Nxe5 17. Nxe5 Bxe5 18. Bd4 Bxd4 19. Rxd4 Rfe8 20. Red1 Rbd8 21. Qd2 Qa6 22. Na4 Ba8 23. Nc5 Qc8 24. b4 Re7 25. Qg5 Rde8 26. f4 Bb7 27. e5 Ba6 28. Qf6 Bc4 29. R1d2 a5 30. bxa5 Qa8 31. h4 Qxa5 32. Qxc6 Qc3 33. Nd7 Qg3 34. Rd1 Re6 35. Nf6+ Kh8 36. Qb7 R6e7 37. Qc6 Re6 38. Qa4 Rb8 39. Qa7 Reb6 40. Qxf7 R6b7 41. Nd7 Rb2 42. Qf6+ Kg8 43. Qe6+ Kh8 44. Qf6+ Kg8 45. Qe6+ 1/2-1/2

[Event "CZE-chT2d 0405"]
[Site "Czech Republic"]
[Date "2005.??.??"]
[Round "1"]
[White "Brychta, Jan"]
[Black "Kanovsky, David"]
[Result "0-1"]
[WhiteElo "2200"]
[BlackElo "2390"]
[PlyCount "70"]
[EventDate "2004.10.??"]
[EventType "team"]
[EventRounds "11"]
[EventCountry "CZE"]
[SourceTitle "EXT 2007"]
[Source "ChessBase"]
[SourceDate "2006.11.23"]
[SourceVersion "1"]
[SourceVersionDate "2006.11.23"]
[SourceQuality "1"]

1. e4 e6 2. d4 d5 3. Nd2 Be7 4. exd5 exd5 5. Bd3 Nf6 6. Ngf3 Bg4 7. 0-0 0-0 8. Re1 Re8 9. Nf1 c5 10. Ne3 Bh5 11. Nf5 Bf8 12. Rxe8 Qxe8 13. dxc5 Bxc5 14. Be3 Bxe3 15. Nxe3 Nc6 16. h3 Rd8 17. Nf5 Ne4 18. Qe2 Qe6 19. g4 Bg6 20. N3d4 Nxd4 21. Nxd4 Qf6 22. Qe3 h5 23. f3 Ng5 24. Kg2 Bxd3 25. Qxd3 Re8 26. Rd1 h4 27. Qf5 Qd8 28. f4 Ne4 29. Nf3 Qb6 30. Nd4 Qxb2 31. Qxd5 Qc3 32. Qb3 Qc7 33. Kf3 Ng5+ 34. Kg2 Qxf4 35. Qxb7 Qg3+ 0-1

[Event "MOR-chT2S 0203"]
[Site "Moravia"]
[Date "2003.01.26"]
[Round "7"]
[White "Brychta, Jan"]
[Black "Bakos, Eduard"]
[Result "0-1"]
[WhiteElo "2160"]
[BlackElo "2094"]
[PlyCount "112"]
[EventDate "2002.10.??"]
[EventType "team"]
[EventRounds "11"]
[EventCountry "CZE"]
[SourceTitle "EXT 2006"]
[Source "ChessBase"]
[SourceDate "2005.11.24"]
[SourceVersion "1"]
[SourceVersionDate "2005.11.24"]
[SourceQuality "1"]

1. e4 c5 2. Nf3 d6 3. d4 cxd4 4. Nxd4 Nf6 5. Nc3 g6 6. Be3 Bg7 7. Be2 Nc6 8. Nb3 0-0 9. 0-0 Be6 10. f4 Na5 11. f5 Bc4 12. Bd3 Qc7 13. Qf3 Nd7 14. Nxa5 Bxd3 15. cxd3 Qxa5 16. Nd5 Qd8 17. Qh3 Nf6 18. Nf4 Qa5 19. g4 g5 20. Nh5 Nxh5 21. Qxh5 h6 22. f6 exf6 23. Bd4 f5 24. Bxg7 Kxg7 25. gxf5 Rac8 26. Rf2 Qb6 27. Qe2 Qd4 28. Kh1 Rc5 29. Rg1 Rfc8 30. f6+ Kg8 31. Qf3 Rc2 32. Rgf1 Qxb2 33. Rxc2 Rxc2 34. Qh3 Rf2 35. Kg1 Rxf6 36. Qc8+ Kg7 37. Rxf6 Qxf6 38. Qc4 Qb2 39. a4 Qe5 40. Kg2 Kf6 41. Qc7 Qc5 42. Qxb7 Qc2+ 43. Kg1 Qxa4 44. Qd5 Qd1+ 45. Kg2 Qc2+ 46. Kh3 Qc5 47. Qa2 h5 48. Qe2 g4+ 49. Kg2 a5 50. Qb2+ Kg6 51. d4 Qc4 52. Qd2 a4 53. Qf2 Qe6 54. e5 Qd5+ 55. Kg1 dxe5 56. dxe5 Qd1+ 0-1

[Event "MOR-chT2S 0203"]
[Site "Moravia"]
[Date "2002.11.03"]
[Round "2"]
[White "Siebenburger, Vlastimil"]
[Black "Brychta, Jan"]
[Result "1-0"]
[WhiteElo "2147"]
[BlackElo "2160"]
[PlyCount "53"]
[EventDate "2002.10.??"]
[EventType "team"]
[EventRounds "11"]
[EventCountry "CZE"]
[SourceTitle "EXT 2006"]
[Source "ChessBase"]
[SourceDate "2005.11.24"]
[SourceVersion "1"]
[SourceVersionDate "2005.11.24"]
[SourceQuality "1"]

1. e4 c5 2. Nf3 Nc6 3. d4 cxd4 4. Nxd4 Nf6 5. Nc3 d6 6. Bc4 e6 7. Be3 a6 8. Qe2 Qc7 9. Bb3 b5 10. 0-0-0 Be7 11. Rhg1 Ne5 12. f4 Neg4 13. Bd2 Qc5 14. h3 Qxd4 15. hxg4 Nd7 16. g5 Nc5 17. Be3 Qb4 18. Bd4 Bd7 19. Bxg7 Rg8 20. Bd4 a5 21. Bxc5 Qxc5 22. a4 b4 23. Nb1 Bf8 24. Qd3 h6 25. e5 hxg5 26. Nd2 d5 27. Ne4 1-0

[Event "MOR-chT2S 0203"]
[Site "Moravia"]
[Date "2002.10.13"]
[Round "1"]
[White "Chladek, Vaclav"]
[Black "Brychta, Jan"]
[Result "1-0"]
[WhiteElo "2149"]
[BlackElo "2160"]
[PlyCount "113"]
[EventDate "2002.10.??"]
[EventType "team"]
[EventRounds "11"]
[EventCountry "CZE"]
[SourceTitle "EXT 2006"]
[Source "ChessBase"]
[SourceDate "2005.11.24"]
[SourceVersion "1"]
[SourceVersionDate "2005.11.24"]
[SourceQuality "1"]

1. e4 c5 2. c3 d5 3. exd5 Qxd5 4. d4 Nf6 5. Nf3 e6 6. Na3 cxd4 7. Nb5 Na6 8. Qxd4 Bc5 9. Qxd5 Nxd5 10. a3 0-0 11. c4 Ndc7 12. b4 Be7 13. Bf4 Nxb5 14. cxb5 Nb8 15. Bd3 Nd7 16. Rc1 Nb6 17. 0-0 f6 18. Be3 e5 19. Rfd1 Re8 20. Bc5 Bd8 21. h3 f5 22. Bc2 Bf6 23. Rd6 e4 24. Bb3+ Kh8 25. Bf7 Rd8 26. Rxd8+ Bxd8 27. Rd1 Bf6 28. Ne5 g6 29. Bd4 Kg7 30. Bb3 f4 31. Rc1 Bf5 32. Rc7+ Nd7 33. Nxd7 Bxd4 34. Nb6+ Kh6 35. Nxa8 e3 36. Bc4 exf2+ 37. Kf1 Kg5 38. Rxh7 f3 39. gxf3 Kf4 40. Be2 Kg3 41. Nc7 g5 42. Rh6 Bxh3+ 43. Rxh3+ Kxh3 44. Ne6 Be3 45. Nc5 b6 46. Ne4 Kh4 47. Nxf2 Kg3 48. Ne4+ Kf4 49. Nf6 Bc1 50. a4 Ke5 51. Nd7+ Kd6 52. Nb8 Bd2 53. Nc6 a6 54. Kg2 Kc7 55. Kh3 Kd6 56. Kg4 axb5 57. Bxb5 1-0

[Event "Olomouc op"]
[Site "Olomouc"]
[Date "2001.08.06"]
[Round "6"]
[White "Brychta, Jan"]
[Black "Sosna, Jan"]
[Result "0-1"]
[WhiteElo "2163"]
[BlackElo "2411"]
[PlyCount "84"]
[EventDate "2001.08.02"]
[EventType "swiss"]
[EventRounds "9"]
[EventCountry "CZE"]
[SourceTitle "EXT 2002"]
[Source "ChessBase"]
[SourceDate "2001.11.25"]
[SourceVersion "1"]
[SourceVersionDate "2001.11.25"]
[SourceQuality "1"]

1. e4 e5 2. Nf3 Nc6 3. d4 exd4 4. Nxd4 Bc5 5. Be3 Bb6 6. g3 Nf6 7. Bg2 0-0 8. Nc3 d6 9. h3 Re8 10. 0-0 Bd7 11. Qd2 Ba5 12. f3 d5 13. Nb3 dxe4 14. Nxa5 Nxa5 15. Bg5 e3 16. Qd4 Nc6 17. Qh4 e2 18. Rfe1 Bf5 19. Nxe2 Bxc2 20. Rac1 Bg6 21. Red1 Qe7 22. Nf4 Rad8 23. Kh2 h6 24. Bxf6 Qxf6 25. Qxf6 gxf6 26. Bf1 Kg7 27. Nd5 Rc8 28. Bb5 Re6 29. Bxc6 bxc6 30. Nc3 Rd6 31. Kg2 Rcd8 32. Kf2 Bf5 33. h4 Be6 34. Ke1 Rd3 35. b3 c5 36. Ne4 c4 37. bxc4 Re3+ 38. Kf2 Rxd1 39. Rxd1 Ra3 40. Rd2 Bxc4 41. Rc2 Rxa2 42. Rxa2 Bxa2 0-1

[Event "EU-chT U18 2nd"]
[Site "Balatonlelle"]
[Date "2001.06.24"]
[Round "3"]
[White "Brychta, Jan"]
[Black "Braun, Arik"]
[Result "1-0"]
[WhiteElo "2157"]
[BlackElo "2156"]
[PlyCount "91"]
[EventDate "2001.06.22"]
[EventType "team-swiss"]
[EventRounds "7"]
[EventCountry "HUN"]
[SourceTitle "EXT 2020"]
[Source "ChessBase"]
[SourceDate "2019.10.17"]
[SourceVersion "1"]
[SourceVersionDate "2019.10.17"]
[SourceQuality "1"]
[WhiteTeam "Czech Republic U18"]
[BlackTeam "Germany U18"]
[WhiteTeamCountry "CZE"]
[BlackTeamCountry "GER"]

1. e4 c5 2. Nf3 e6 3. c3 d5 4. exd5 Qxd5 5. d4 Nf6 6. Bd3 Be7 7. 0-0 cxd4 8. cxd4 Nc6 9. Nc3 Qd6 10. Re1 0-0 11. Bg5 Rd8 12. Qe2 h6 13. Ne4 Nxe4 14. Bxe7 Qxe7 15. Qxe4 Qf6 16. d5 Nb8 17. Rad1 g6 18. Bc4 exd5 19. Bxd5 Nd7 20. Bxb7 Bxb7 21. Qxb7 Nc5 22. Rxd8+ Rxd8 23. Qxa7 Nd3 24. Rd1 Nxb2 25. Rxd8+ Qxd8 26. Qd4 Qxd4 27. Nxd4 Kf8 28. f4 Nd3 29. g3 Ke7 30. Kf1 Kd6 31. Nf3 Kd5 32. Ne5 Nxe5 33. fxe5 Kxe5 34. Ke2 Ke4 35. a4 f5 36. a5 Kd5 37. Ke3 g5 38. a6 Kc6 39. Kd4 Kb6 40. Ke5 f4 41. gxf4 gxf4 42. Kxf4 Kxa6 43. Kg4 Kb5 44. Kh5 Kc5 45. Kxh6 Kd5 46. Kg7 1-0

[Event "EU-chT U18 2nd"]
[Site "Balatonlelle"]
[Date "2001.06.23"]
[Round "2"]
[White "Vioreanu, Bogdan Gabriel"]
[Black "Brychta, Jan"]
[Result "1-0"]
[WhiteElo "2339"]
[BlackElo "2157"]
[PlyCount "65"]
[EventDate "2001.06.22"]
[EventType "team-swiss"]
[EventRounds "7"]
[EventCountry "HUN"]
[SourceTitle "EXT 2020"]
[Source "ChessBase"]
[SourceDate "2019.10.17"]
[SourceVersion "1"]
[SourceVersionDate "2019.10.17"]
[SourceQuality "1"]
[WhiteTeam "Romania U18"]
[BlackTeam "Czech Republic U18"]
[WhiteTeamCountry "ROU"]
[BlackTeamCountry "CZE"]

1. d4 Nf6 2. c4 g6 3. Nc3 Bg7 4. Nf3 0-0 5. Bg5 c5 6. d5 h6 7. Bh4 d6 8. e3 e6 9. Be2 exd5 10. cxd5 b6 11. 0-0 Na6 12. Nd2 Nc7 13. a4 a6 14. Nc4 Rb8 15. Bg3 Nce8 16. e4 b5 17. axb5 axb5 18. Na5 b4 19. Nc6 Qc7 20. Nb5 Rxb5 21. Bxb5 Nxe4 22. Qe2 Nxg3 23. hxg3 Kh7 24. Ra7 Qb6 25. Re7 Nc7 26. Bc4 Bf6 27. Re3 Bb7 28. Rf3 Re8 29. Qd2 Bg5 30. Rxf7+ Kg8 31. f4 Kxf7 32. fxg5+ Kg8 33. Qd3 1-0

[Event "Glorney Cup"]
[Site "Dublin"]
[Date "2000.07.26"]
[Round "4"]
[White "Brychta, Jan"]
[Black "Willemze, Thomas"]
[Result "1-0"]
[WhiteElo "2133"]
[BlackElo "2268"]
[PlyCount "79"]
[EventDate "2000.07.24"]
[EventType "team"]
[EventRounds "5"]
[EventCountry "IRL"]
[SourceTitle "EXT 2001"]
[Source "ChessBase"]
[SourceDate "2000.11.22"]
[SourceVersion "1"]
[SourceVersionDate "2000.11.22"]
[SourceQuality "1"]

1. e4 e6 2. d4 d5 3. Nd2 Nf6 4. e5 Nfd7 5. f4 c5 6. c3 Nc6 7. Ndf3 cxd4 8. cxd4 h5 9. Bd3 g6 10. Ne2 Nb6 11. 0-0 Bd7 12. a3 a5 13. Nc3 a4 14. b4 axb3 15. Qxb3 Be7 16. Rb1 Nc4 17. Qc2 Kf8 18. Nb5 Rc8 19. Ng5 Rg8 20. Qe2 N6a5 21. Kh1 Bxb5 22. Rxb5 Qd7 23. a4 Nc6 24. Be3 Bxg5 25. fxg5 Ne7 26. Rfb1 Rc7 27. Bc1 Kg7 28. h3 Rgc8 29. Bb2 Ra8 30. Qd1 h4 31. Bc1 Qc8 32. Kh2 Ra7 33. Ra1 Rc6 34. Qe1 Kg8 35. Ba3 Nf5 36. Bxf5 exf5 37. Be7 Raa6 38. Rxd5 Qc7 39. Rd8+ Kg7 40. Qxh4 1-0

[Event "Ceske Budejovice op"]
[Site "Ceske Budejovice"]
[Date "2000.??.??"]
[Round "6"]
[White "Brychta, Jan"]
[Black "Lang, Christian"]
[Result "1-0"]
[WhiteElo "2130"]
[BlackElo "2135"]
[PlyCount "65"]
[EventDate "2000.??.??"]
[EventType "swiss"]
[EventRounds "9"]
[EventCountry "CZE"]
[SourceTitle "EXT 2003"]
[Source "ChessBase"]
[SourceDate "2002.11.25"]
[SourceVersion "1"]
[SourceVersionDate "2002.11.25"]
[SourceQuality "1"]

1. Nf3 d5 2. g3 c6 3. Bg2 Nf6 4. 0-0 Bf5 5. d3 e6 6. Nbd2 Be7 7. c4 Nbd7 8. b3 0-0 9. Bb2 h6 10. Rc1 Re8 11. Rc2 Rc8 12. Qa1 Bh7 13. Rfc1 Nb6 14. a3 g5 15. cxd5 exd5 16. b4 Bf5 17. Nb3 Nfd7 18. Na5 Rc7 19. Nd4 Be6 20. Nb5 cxb5 21. Rxc7 Nc4 22. dxc4 bxc4 23. Rxb7 Bf6 24. Bxf6 Nxf6 25. Rxa7 Ng4 26. Qd4 f6 27. Nc6 Qd6 28. Rxc4 Ne5 29. Nxe5 fxe5 30. Qd3 e4 31. Bxe4 Qe5 32. Bh7+ Kf8 33. Qf3+ 1-0

[Event "Ceske Budejovice op"]
[Site "Ceske Budejovice"]
[Date "2000.??.??"]
[Round "4"]
[White "Brychta, Jan"]
[Black "Rerabkova, Lucie"]
[Result "1-0"]
[WhiteElo "2130"]
[BlackElo "2015"]
[PlyCount "41"]
[EventDate "2000.??.??"]
[EventType "swiss"]
[EventRounds "9"]
[EventCountry "CZE"]
[SourceTitle "EXT 2003"]
[Source "ChessBase"]
[SourceDate "2002.11.25"]
[SourceVersion "1"]
[SourceVersionDate "2002.11.25"]
[SourceQuality "1"]

1. d4 Nf6 2. c4 g6 3. Nc3 Bg7 4. e4 d6 5. Be2 0-0 6. Bg5 Nbd7 7. Qd2 c5 8. d5 Re8 9. h4 h5 10. f3 Ne5 11. 0-0-0 a6 12. g4 hxg4 13. f4 Nf3 14. Nxf3 gxf3 15. Bxf3 Ng4 16. Rdg1 Bd4 17. Rxg4 Bxg4 18. Bxg4 f6 19. Bh6 Kh7 20. f5 Qa5 21. fxg6+ 1-0

[Event "Ceske Budejovice op"]
[Site "Ceske Budejovice"]
[Date "2000.??.??"]
[Round "7"]
[White "Slajs, Vlastimil"]
[Black "Brychta, Jan"]
[Result "0-1"]
[WhiteElo "2130"]
[BlackElo "2130"]
[PlyCount "70"]
[EventDate "2000.??.??"]
[EventType "swiss"]
[EventRounds "9"]
[EventCountry "CZE"]
[SourceTitle "EXT 2003"]
[Source "ChessBase"]
[SourceDate "2002.11.25"]
[SourceVersion "1"]
[SourceVersionDate "2002.11.25"]
[SourceQuality "1"]

1. d4 Nf6 2. c4 c5 3. d5 e6 4. Nc3 exd5 5. cxd5 d6 6. e4 g6 7. f4 Bg7 8. Bb5+ Nfd7 9. a4 0-0 10. Nf3 a6 11. Bd3 Nf6 12. 0-0 Re8 13. h3 c4 14. Bc2 Nbd7 15. Be3 Qc7 16. Re1 b6 17. Nd4 Nc5 18. Bf2 Bd7 19. Qe2 Nh5 20. Qf3 b5 21. axb5 axb5 22. Rxa8 Rxa8 23. Ncxb5 Bxb5 24. Nxb5 Qb6 25. Nxd6 Qxd6 26. e5 Qb6 27. d6 Rd8 28. Qa3 Nxf4 29. Bxc5 Qb7 30. Be4 Qb5 31. Bd4 Bxe5 32. Qc3 Bxd6 33. Bh8 Bf8 34. Be5 Bb4 35. Qg3 Qxe5 0-1

[Event "CZE-ch U18/20"]
[Site "Czech Republic"]
[Date "1999.??.??"]
[Round "1"]
[White "Brychta, Jan"]
[Black "Fiala, Robert"]
[Result "0-1"]
[WhiteElo "2000"]
[BlackElo "2190"]
[PlyCount "44"]
[EventDate "1999.??.??"]
[EventType "tourn"]
[EventRounds "10"]
[EventCountry "CZE"]
[SourceTitle "EXT 2000"]
[Source "ChessBase"]
[SourceDate "1999.11.16"]
[SourceVersion "1"]
[SourceVersionDate "1999.11.16"]
[SourceQuality "1"]

1. e4 c5 2. Nf3 Nc6 3. d4 cxd4 4. Nxd4 g6 5. Nc3 Bg7 6. Be3 Nf6 7. Nb3 0-0 8. Be2 d6 9. 0-0 a5 10. a4 Nb4 11. f4 Be6 12. Bf3 Qc8 13. f5 Bc4 14. Rf2 Nd7 15. fxg6 hxg6 16. Bg4 Qc7 17. Bxd7 Qxd7 18. Bd4 Bh6 19. e5 dxe5 20. Bxe5 Qe6 21. Qe1 Bxb3 22. cxb3 Nd3 0-1